000 00509nam a22001817a 4500
003 CEME
005 20210628205815.0
008 210317b xxu||||| |||| 00| 0 eng d
020 _a969-0-01208-8
040 _c.
082 _a297.4 HAJ
100 _aSyed Ali Bin Usman Al Hajweri Hajweri, Syed Ali Bin Usman
_977090
245 _aSarah kashaaf-ul-majoob
260 _aLAHORE
_bFEROZE SONS
_c1994
300 _a930P
650 _aISLAM-SARAH KASHAAF-UL-MAJOOB KASHAAF-UL-MAJOOB
_977091
942 _cBK
_2ddc
999 _c582416
_d582416